书目信息 |
| 题名: |
结构力学 II
|
|
| 作者: | 阳日 主编 | |
| 分册: | ||
| 出版信息: | 乌鲁木齐 新疆大学出版社 2001.12 |
|
| 页数: | 260页 | |
| 开本: | 26cm | |
| 丛书名: | ||
| 单 册: | ||
| 中图分类: | O342-43 | |
| 科图分类: | ||
| 主题词: | 固体力学 | |
| 电子资源: | ||
| ISBN: | 7-5631-1383-5 | |
| 000 | 00538nam0 2200193 45 | |
| 001 | 0256435655 | |
| 005 | 20041203101409.12 | |
| 010 | @a7-5631-1383-5@b压膜@dCNY 23.00 | |
| 100 | @a20020610d2001 km y0chiy0120 ea | |
| 101 | 0 | @achi |
| 102 | @aCN@b650000 | |
| 200 | 1 | @a结构力学 II@Ajie gou li xue II@f阳日主编@Fyang ri zhu bian |
| 210 | @a乌鲁木齐@c新疆大学出版社@d2001.12 | |
| 215 | @a260页@d26cm | |
| 606 | 0 | @a固体力学 |
| 690 | @aO342-43@v3 | |
| 701 | 0 | @a阳日@Ayang ri@4主编 |
| 801 | 0 | @aCN@bPFT@c20041203 |
| 905 | @a10447@dO342-43@eY134 | |
| 结构力学 II/阳日主编.-乌鲁木齐:新疆大学出版社,2001.12 |
| 260页;26cm |
| ISBN 7-5631-1383-5(压膜):CNY 23.00 |
| ● |
| 相关链接 |
|
|
|
正题名:结构力学 II
索取号:O342-43/Y134
 
预约/预借
| 序号 | 登录号 | 条形码 | 馆藏地/架位号 | 状态 | 备注 |
| 1 | 361529 | 203615294 | 自科库401/401自科库 52排6列4层/ [索取号:O342-43/Y134] | 在馆 | |
| 2 | 361530 | 203615301 | 自科库401/401自科库 52排6列4层/ [索取号:O342-43/Y134] | 在馆 | |
| 3 | 361531 | 203615310 | 自科库401/401自科库 52排6列4层/ [索取号:O342-43/Y134] | 在馆 | |
| 4 | 429780 | 204297803 | 自科库401/401自科库 52排6列4层/ [索取号:O342-43/Y134] | 在馆 | |
| 5 | 429781 | 204297812 | 自科库401/401自科库 52排6列4层/ [索取号:O342-43/Y134] | 在馆 | |
| 6 | 429782 | 204297821 | 自科库401/401自科库 52排6列4层/ [索取号:O342-43/Y134] | 在馆 |